Cristo vivo (Record no. 88535)

MARC details
000 -LEADER
campo de control de longitud fija 00520nam a2200169 i 4500
001 - NÚMERO DE CONTROL
campo de control 88535
003 - IDENTIFICADOR DE NÚMERO DE CONTROL
campo de control ES-MaACL
005 - FECHA Y HORA DE LA ÚLTIMA TRANSACCIÓN
campo de control 20230906175858.0
007 - CAMPO FIJO DE DESCRIPCIÓN FÍSICA--INFORMACIÓN GENERAL
campo de control de longitud fija t|
008 - DATOS DE LONGITUD FIJA--INFORMACIÓN GENERAL
campo de control de longitud fija 050104s1968 sp ||||1| spa d
100 1# - ENTRADA PRINCIPAL--NOMBRE DE PERSONA
Nombre de persona Lamarche, Paul.
9 (RLIN) 69770
245 10 - MENCIÓN DEL TÍTULO
Título Cristo vivo
Resto del título : ensayo sobre la cristología del Nuevo Testamento /
Mención de responsabilidad, etc. Paul Lamarche ; [tradujo, Luis Bittini].
260 ## - PUBLICACIÓN, DISTRIBUCIÓN, ETC.
Lugar de publicación, distribución, etc. Salamanca :
Nombre del editor, distribuidor, etc. Sígueme,
Fecha de publicación, distribución, etc. 1968.
300 ## - DESCRIPCIÓN FÍSICA
Extensión 200 p. ;
Dimensiones 19 cm.
700 1# - ENTRADA AGREGADA--NOMBRE PERSONAL
Nombre de persona Bittini, Luis.
9 (RLIN) 29031
852 ## - LOCALIZACIÓN
Ubicación ES-MaACL
Número de control de estantería C-34467
Sublocalización o colección R.65554
Holdings
Estatus retirado Estado de pérdida Estado de daño No para préstamo Biblioteca de origen Biblioteca actual Ubicación en estantería Fecha de adquisición Fuente de adquisición Total de préstamos Signatura topográfica completa Código de barras Visto por última vez Precio de reemplazo Tipo de ítem Koha
        Biblioteca del Ateneo de Madrid Biblioteca del Ateneo de Madrid Depósito 2 17/01/2008     C-34467 1092479 23/02/2023 23/02/2023 Libro impreso